Reforma de la seguridad social en Nicaragua
| Main Author: | |
|---|---|
| Format: | Section = Libro |
| Language: | Undetermined Spanish |
| Published: |
Managua
INSS
1996
|
| Subjects: |
| LEADER | 00605nam a2200205Ia 4500 | ||
|---|---|---|---|
| 008 | 240829s9999 xx 000 0 und d | ||
| 040 | |a BIBLIOTECA-RUSB/ Ref 368.4 R627 | ||
| 041 | |a spa | ||
| 082 | |a Ref 368.4 R627 | ||
| 100 | 1 | |a Rizo Castellón, Simieón | |
| 245 | 1 | 0 | |a Reforma de la seguridad social en Nicaragua |
| 260 | |a Managua |b INSS |c 1996 | ||
| 300 | |a 466 p. :il. | ||
| 650 | 7 | |a SEGURIDAD SOCIAL-NICARGUA-RESTRUCTURACION | |
| 650 | 7 | |b SEGURO SOCIALES-NICARGUA-RESTRUCTURACION | |
| 650 | 7 | |c PENSIONES-NICARGUA | |
| 650 | 7 | |d SALUD PUBLICA-NICARGUA | |
| 942 | |c BK |2 ddc | ||
| 991 | |a TEXTO | ||
| 999 | |c 5917 | ||